Sborník
Uložené v:
| Korporativný autor: | |
|---|---|
| Médium: | Konferenčný príspevok.. Kniha |
| Vydavateľské údaje: |
Plzeň :
Západočeská univerzita v Plzni,
2002
|
| Predmet: | |
| Tagy: |
Žiadne tagy, Buďte prvý, kto otaguje tento záznam!
|
MARC
| LEADER | 00000nam a22000003a 4500 | ||
|---|---|---|---|
| 001 | stu78747 | ||
| 005 | 20150408175504.5 | ||
| 008 | 030129s2002----xr----------------------d | ||
| 020 | |a 80-7082-907-9 | ||
| 040 | |a STU |b slo | ||
| 041 | 0 | ||
| 044 | |a xr | ||
| 080 | |a 53 |7 stu_us_auth*stu7966 | ||
| 111 | 2 | |a 14. konference českých a slovenských fyziků |d (9.-12.10.2002 : |c Plzeň) | |
| 245 | |a Sborník | ||
| 260 | |a Plzeň : |b Západočeská univerzita v Plzni, |c 2002 | ||
| 300 | |a CD | ||
| 650 | 7 | |a fyzika |2 stusub | |
| 996 | |b 284M038981 |c M*CD-329 |l MMKN |s A |a 24 |w stu78747_0001 | ||